LDR 01100naa#a2200229#i#450# 001 EN\\bibl\19255 005 20260418165248.6 100 ## _a20260417b2026####ek#y0engy0150####ca 102 ## _aRU 200 1# _aCONVERSION OF THE PUBLIC TRANSPORT BUS FLEET IN VORONEZH TO ALTERNATIVE FUELS: AN ECONOMIC EFFICIENCY ASSESSMENT _eConference article/thesis 210 1# _aVoronezh _cFSBE Institution of Higher Education Voronezh State University of Forestry and Technologies named after G.F. Morozov _d2026 215 ## _a7 с. 608 ## _aConference article/thesis _2local 675 ## _a(Автомобили. Автомобилестроение). 629.113 _aОсновной капитал. Основные средства. Основные фонды. Капиталовложения. Иммобилизация. Использование денежных средств. 658.152 _z 700 #1 _aKorablev _gR. A. 700 #1 _aBelokurov _gV. P. 700 #1 _aShtepa _gE. N. 700 #1 _aBusarina _gS. E. 700 #1 _aTimchenko _gA. I. 700 #1 _aKurgansky _gA. O. 700 #1 _aErmolenko _gD. S. 856 4# _abibl.vgltu.ru _u